| 000 | 00608nam a2200205Ia 4500 | ||
|---|---|---|---|
| 003 | IN-BaIIA | ||
| 008 | 211028s9999 xx 000 0 eng d | ||
| 020 | _a0-7204-02441 | ||
| 040 | _cIIA Library | ||
| 080 |
_a539.1 _bTHE |
||
| 245 | 4 |
_aThe Physics of electronic and atomic collisions _cedited by T. R. Govers and F. J. De Heer |
|
| 260 |
_aAmsterdam _bNorth-Holland _c1972 |
||
| 300 | _axi, 496p. | ||
| 650 |
_a Atomic collisions _98404 |
||
| 650 |
_a Atomic physics _98405 |
||
| 650 | _aNASA Thesaurus | ||
| 700 |
_aDe Heer, F. J., ed. _98406 |
||
| 700 |
_aGovers, T. R., ed. _98407 |
||
| 942 | _cBK | ||
| 999 |
_c4732 _d4732 |
||